000
00352nam a2200145Ia 4500
008
230718s9999 xx 000 0 und d
041
_a
Eng.
082
_a
346096
_b
WAS-T
100
_a
Waseer, Muhammod laws
245
4
_a
The negotiable instruments
260
_a
Pakistan
_b
Foul stal publisher
_c
2008
300
_a
195
650
_a
Law
999
_c
28201
_d
28201